| 000 | 00968cam a2200289 i 4500 | ||
|---|---|---|---|
| 003 | EG-ScBUE | ||
| 005 | 20240314120735.0 | ||
| 008 | 161004t2012 caua f b 001 0 eng d | ||
| 020 | _a9781611322170 | ||
| 040 |
_aEG-ScBUE _beng _erda _cEG-ScBUE _dEG-ScBUE |
||
| 082 | 0 | 4 |
_222 _a930.1028 _bCON |
| 100 | 1 |
_aConyers, Lawrence B., _eauthor. _941321 |
|
| 245 | 1 | 0 |
_aInterpreting ground-penetrating radar for archaeology / _cLawrence B. Conyers. |
| 264 | 1 |
_aWalnut Creek, California : _bLeft Coast Press, _c[2012] |
|
| 264 | 4 | _cc2012 | |
| 300 |
_a219 pages : _billustrations ; _c28 cm |
||
| 336 |
_2rdacontent _atext _btxt |
||
| 337 |
_aunmediated _2rdamedia _bn |
||
| 338 |
_avolume _bnc _2rdacarrier |
||
| 504 | _aIncludes bibliographical references and index. | ||
| 650 | 7 |
_aGround penetrating radar. _2BUEsh _936954 |
|
| 650 | 7 |
_aGeophysics in archaeology. _2BUEsh |
|
| 651 | _2BUEsh | ||
| 653 |
_bENGGEN _cOctober2016 |
||
| 655 | _vReading book | ||
| 942 |
_2ddc _cBB |
||
| 999 |
_c22453 _d22425 |
||